00499nam a2200205Ia 4500003000400000005001700004008004100021020001400062024000700076040000700083041000800090082001800098100002100116245006500137250000600202260003800208300001700246365001300263650001700276OSt20230505093302.0210423s2004 xx 000 0 und d a818128044 cAL cAL aeng a574.1921 DUGH aDUGAS (Hermann). aBio organic chemistry: a chemical approach to enzyme action. a3 aNew DelhibSpringer Pvt Ltdc2004 axvii,700bPB b495cINR aBiochemistry